=LDR 00000nam 2200000 4500 =001 INLIS000000000021884 =005 20130612120710 =008 ***********************************Ind** =035 ##$$0010-061300000021884 =041 ##$$a Ind =082 ##$$a 378.1 =090 ##$$a 378.1, Man m =100 ##$$a Ndraha, Tallziduhu =245 ##$$a Manajemen perguruan tinggi, Ndraha, Tallziduhu =260 ##$$a 21 cm $b xiii =650 ##$$a Perguruan tinggi =850 ##$$a NBPNMAT